Prínosy a úskalia využívania prípadových štúdií v stredoškolskom ekonomickom vzdelávaní

Prípadové štúdie vo vzdelávaní žiakov stredných škôl. Klasická forma prípadovej štúdie. Živé prípadové štúdie. Možnosti využitia prípadových štúdií podľa stredoškolských učiteľov v Slovenskej republike. Analýza výsledkov dotazníkového prieskumu.

Gespeichert in:
Bibliographische Detailangaben
1. Verfasser: Novák, Jaromír, 1978-
Format: Buchkapitel
Sprache:Slowakisch
Schlagworte:
Tags: Tag hinzufügen
Keine Tags, Fügen Sie das erste Tag hinzu!

MARC

LEADER 00000naa$a2200000$$$4500
001 0260011
005 20240502074118.0
041 0 |a slo 
044 |a SK 
245 1 0 |a Prínosy a úskalia využívania prípadových štúdií v stredoškolskom ekonomickom vzdelávaní  |c Jaromír Novák 
520 |a Prípadové štúdie vo vzdelávaní žiakov stredných škôl. Klasická forma prípadovej štúdie. Živé prípadové štúdie. Možnosti využitia prípadových štúdií podľa stredoškolských učiteľov v Slovenskej republike. Analýza výsledkov dotazníkového prieskumu. 
610 2 0 |a vzdelávanie 
610 2 0 |a školy stredné odborné 
610 2 0 |a ekonómia 
610 2 0 |a štúdie prípadové 
610 2 0 |a prieskum 
100 1 |a Novák, Jaromír, 1978-